BoyNextDoor members - Statistics

General Stats
  • This quiz has been taken 887 times
  • The average score is 5 of 6
Answer Stats
Picture Answer % Correct
Leehan
99%
Woonhak
89%
Riwoo
86%
Taesan
84%
Jaehyun
80%
Sungho
79%
No matching quizzes found
Score Distribution
Percent of People with Each Score
Percentile by Number Answered
Your Score History
You have not taken this quiz